| 000 | 00580nam a2200193 i 4500 | ||
|---|---|---|---|
| 001 | 184264 | ||
| 003 | ES-MaACL | ||
| 005 | 20231118131333.0 | ||
| 008 | 150603s2014 sp a |||| | spa d | ||
| 020 | _a978-84-16-25040-0 | ||
| 080 | _a821.134.2-31"20" | ||
| 100 | 1 |
_aAdorna Castro, José María. _9156962 |
|
| 245 | 1 | 0 |
_aLorena Galdós / _cJosé María Adorna Castro. |
| 260 |
_aMadrid : _bIsidora, _c[2014] |
||
| 300 |
_a493 p. : _bil., retr. ; _c23 cm. |
||
| 852 |
_aES-MaACL _jA-13500 _9191249 _bR.150395 _cDEPO1 _dOlim: N-6500 |
||
| 942 | _2udc | ||
| 999 |
_c184264 _d184264 |
||